|
|
|
|
| LEADER |
00000cam a2200000 7i4500 |
| 001 |
0000001704 |
| 002 |
000001855 |
| 005 |
20040110.0 |
| 020 |
|
|
|a T000000231
|
| 090 |
0 |
0 |
|a 080
|b MAL
|
| 110 |
1 |
|
|a Malaysia
|c Arkib Negara
|
| 245 |
0 |
0 |
|a Ucapan-ucapan Tunku Abdul Rahman Putera 1957
|
| 260 |
|
|
|a Kuala Lumpur :
|b Arkib Negara Malaysia ,
|c 1981
|
| 300 |
|
|
|a 169p. ;
|c 23cm.
|
| 500 |
|
|
|a Koleksi Perdana Menteri Malaysia Aras 3
|
| 600 |
0 |
0 |
|a Tunku Abdul Rahman Putra
|x Speeches, addresses, etc
|
| 650 |
0 |
0 |
|a Prime Ministers
|z Malaysia
|x Inaugural addresses
|
| 999 |
|
|
|a 034094
|b BUKU
|c MALAYSIANA
|e PERPUSTAKAAN KOMUNITI PETALING JAYA
|